000 00303nam a22001457a 4500
008 210311b ||||| |||| 00| 0 eng d
020 _a9780030648076
041 _aeng
080 _a781
082 _a781
100 _a45
101 _aMUZ
245 _aSound and Light
_cWood,W.R
942 _2udc
_cBK
999 _c56320
_d56320